| 000 | 00380nam a2200145Ia 4500 | ||
|---|---|---|---|
| 008 | 230312s9999||||xx |||||||||||||| ||und|| | ||
| 020 | _a9780170188456 | ||
| 082 |
_a658.403 _bRAL-I |
||
| 100 | _aGupta,K,Saurabh | ||
| 245 | 0 | _aAdvanced Oracle PL\SQL Developers Guide | |
| 260 |
_bCengage _aChina _c2011 |
||
| 300 | _a565 | ||
| 650 |
_aManagement _vInformation System |
||
| 942 | _cBK | ||
| 999 |
_c17015 _d17015 |
||